| 000 | 00813pam a2200277 a 4500 | ||
|---|---|---|---|
| 001 | 1477420 | ||
| 003 | NUST - PNEC | ||
| 005 | 20170116181121.0 | ||
| 008 | 870529s1988 njua b 001 0 eng | ||
| 010 | _a 87014494 | ||
| 020 | _a0134797671 | ||
| 040 | _cLIBRARY | ||
| 050 | 0 | 0 |
_aTJ213 _b.H29 1988 |
| 082 | 0 | 0 |
_a629.8 HAL _219 |
| 100 | 1 | _aHale, Francis J. | |
| 245 | 1 | 0 |
_aIntroduction to control system analysis and design / _cFrancis J. Hale. |
| 250 | _a2nd ed. | ||
| 260 |
_aEnglewood Cliffs, N.J. : _bPrentice Hall, _cc1988. |
||
| 300 |
_axi, 335 p. : _bill. ; _c25 cm. |
||
| 500 | _aIncludes index. | ||
| 504 | _aBibliography: p. 325-327. | ||
| 650 | 0 |
_aAutomatic control. _xMS CONT, ME |
|
| 650 | 0 | _aControl theory. | |
| 906 |
_a7 _bcbc _corignew _d1 _eocip _f19 _gy-gencatlg |
||
| 942 |
_2ddc _cBK |
||
| 999 |
_c69585 _d69585 |
||